RHB Stationen - Statistiken

Allgemein
  • Dieses Quiz wurde 29 mal gespielt
  • Das Durchschnittsergebnis liegt bei 79 aus 122
Antwortstatistiken
Besonderheit Station % Korrekt
Disentis/Mustér
100%
Arosa
91%
Chur
91%
Straßenbahnhaltestelle Chur Altstadt
91%
Davos-Dorf
91%
Davos-Platz
91%
Filisur
91%
Haltestelle Klosters-Dorf
91%
Landquart
91%
Scoul-Tarasp
91%
Kopfbahnhof St Moritz
91%
Bergün/Bravuogn
82%
Bever
82%
Celerina/Schlarigna
82%
Haltestelle Davos Monstein
82%
Davos Wolfgang
82%
Klosters-Platz
82%
Küblis
82%
Langwies
82%
Haltestelle Le Prese
82%
Haltestelle Li Curt
82%
Ospizio Bernina
82%
Poschiavo
82%
Preda
82%
Haltestelle Punt Muragl
82%
Samedan
82%
S-chanf
82%
Thusis
82%
Italien Tirano
82%
Zernez
82%
Zouz
82%
Alp Grüm
73%
Brusio
73%
Haltestelle Chur West
73%
Davos Frauenkirch
73%
Davos Laret
73%
Domat/Ems
73%
Fideris
73%
Haltestelle Ftan Baraigla
73%
Ilanz
73%
Jenaz
73%
La Punt Chamues-ch
73%
Malans
73%
Miralago
73%
Pontresina
73%
Reichenau-Tamins
73%
Rhäzüns
73%
Saas im Prättigau
73%
Umsteigebahnhof/Autoverlad Sagliains
73%
Schiers
73%
Haltestelle Seewis-Pardisla
73%
Surava
73%
Susch
73%
Tavanasa-Breil/Brigels
73%
Trin
73%
Untervaz Trimmis
73%
Kreuzungsstelle Vereina
73%
Haltestelle Zizers
73%
Alvaneu
64%
Ardez
64%
Bonaduz
64%
Campocologno
64%
Castries
64%
Cavadürli
64%
Cazis
64%
Haltestelle Celerina Staz
64%
Haltestelle Chur Wiesental
64%
Cinuos-chel-Brail
64%
Davos-Wiesen
64%
Haltestelle Domat/Ems Werk
64%
Felsberg
64%
Haltestelle Furna
64%
Grüsch
64%
Haldenstein
64%
Haltestelle Igis
64%
Haltestelle Madulain
64%
Peist
64%
Haltestelle Punt Muragl Staz
64%
Rodels-Realta
64%
Rothenbrunnen
64%
Rueun
64%
ehm. Kreuzungsstation Sils
64%
St. Peter-Molinis
64%
Sumvitg-Cumpadials
64%
Surovas
64%
Tiefencastel
64%
Trun
64%
Valendas-Sagogn
64%
Waltensburg
64%
Haltestelle Bernina Diavolezza
55%
Haltestelle Campascio
55%
Kreuzungsstation Carolina
55%
Depot Chur Depot Sand
55%
Davos Glaris
55%
Guarda
55%
Autoverlad Klosters Selfranga
55%
Haltestelle Landquart Ried
55%
Lavin
55%
Litzirüti
55%
Kreuzungsstation Mout
55%
Event Haltestelle S-chanf Marathon
55%
Kreuzungsstation Serneus
55%
Kreuzungsstation Solis
55%
Spinas
55%
Versam-Safien
55%
Bernina Suot
45%
Lüen-Castiel
45%
Rabius-Surrein
45%
Güterverlad Schnaus-Strada
45%
Kreuzungsstation Stuls/Stugl
45%
Kreuzungsstation mit Haltestelle Alp Nouva/Morteratsch
36%
Cavaglia
36%
Haltestelle Landwasserviadukt
36%
Kreuzungsstation Zizers-Altlöser
36%
Bernina Lagalb
27%
Kreuzungsstation Fuchsenwinkel
27%
Kreuzungsstation Untersax
18%
Cadera
9%
Kreuzungsstation Spinadascio
9%
Kreuzungsstation Stablini
9%
Kreuzungsstation Capäls
0%
Kreuzungsstation Haspelgrube
0%
Keine übereinstimmenden Quizze gefunden
Verteilung der Resultate
Anzahl Personen mit jedem Resultat
Perzentil nach korrekt beantworteten Fragen
Ihre Resultats-Entwicklung
Sie haben dieses Quiz noch nicht gespielt